[Event "56th Hull Congress"]
[Site "Hull"]
[Date "2019.11.03"]
[Round "4"]
[Board "4"]
[White "Wall, Tim P"]
[Black "Richardson, John R"]
[Result "1/2-1/2"]
[WhiteElo "2243"]
[BlackElo "2225"]
[PlyCount "0"]
[EventDate "2019.11.01"]
[EventRounds "5"]
[EventCountry "ENG"]

1. d4 {[%clk 01:29:07]} {[%emt 00:01:52]} Nf6 {[%clk 01:29:46]} {[%emt
00:01:14]} 2. Nc3 {[%clk 01:29:05]} {[%emt 00:00:32]} d5 {[%clk 01:30:07]}
{[%emt 00:00:10]} 3. Bf4 {[%clk 01:29:26]} {[%emt 00:00:07]} e6 {[%clk
01:29:41]} {[%emt 00:00:57]} 4. e3 {[%clk 01:29:32]} {[%emt 00:00:23]} Be7
{[%clk 01:29:50]} {[%emt 00:00:21]} 5. g4 {[%clk 01:28:28]} {[%emt 00:01:34]}
b6 {[%clk 01:21:38]} {[%emt 00:08:43]} 6. Bb5+ {[%clk 01:21:45]} {[%emt
00:07:13]} c6 {[%clk 01:17:00]} {[%emt 00:05:08]} 7. Bd3 {[%clk 01:21:43]}
{[%emt 00:00:31]} Bb7 {[%clk 01:16:07]} {[%emt 00:01:24]} 8. g5 {[%clk
01:17:00]} {[%emt 00:05:13]} Nfd7 {[%clk 01:16:18]} {[%emt 00:00:19]} 9. Qh5
{[%clk 01:12:20]} {[%emt 00:05:09]} g6 {[%clk 01:14:31]} {[%emt 00:02:18]} 10.
Qg4 {[%clk 01:08:31]} {[%emt 00:04:18]} b5 {[%clk 01:10:25]} {[%emt 00:04:37]}
11. Nf3 {[%clk 01:03:30]} {[%emt 00:05:31]} Qa5 {[%clk 01:03:01]} {[%emt
00:07:55]} 12. Nd2 {[%clk 01:00:14]} {[%emt 00:03:45]} a6 {[%clk 00:44:58]}
{[%emt 00:18:34]} 13. Qg3 {[%clk 00:50:56]} {[%emt 00:09:47]} Qd8 {[%clk
00:43:48]} {[%emt 00:01:40]} 14. h4 {[%clk 00:46:12]} {[%emt 00:05:13]} c5
{[%clk 00:43:52]} {[%emt 00:00:27]} 15. h5 {[%clk 00:45:30]} {[%emt 00:01:11]}
Rf8 {[%clk 00:43:18]} {[%emt 00:01:04]} 16. Bc7 {[%clk 00:25:42]} {[%emt
00:20:19]} Qc8 {[%clk 00:43:47]} {[%emt 00:00:02]} 17. Nf3 {[%clk 00:25:52]}
{[%emt 00:00:19]} c4 {[%clk 00:40:06]} {[%emt 00:04:11]} 18. Bf1 {[%clk
00:25:25]} {[%emt 00:00:57]} Bc6 {[%clk 00:39:22]} {[%emt 00:01:14]} 19. hxg6
{[%clk 00:24:41]} {[%emt 00:01:14]} hxg6 {[%clk 00:39:50]} {[%emt 00:00:01]} 20.
Rh7 {[%clk 00:24:42]} {[%emt 00:00:28]} a5 {[%clk 00:35:28]} {[%emt 00:04:53]}
21. Bh3 {[%clk 00:22:30]} {[%emt 00:02:41]} Ra7 {[%clk 00:27:09]} {[%emt
00:08:51]} 22. Bf4 {[%clk 00:22:15]} {[%emt 00:00:45]} a4 {[%clk 00:25:28]}
{[%emt 00:02:11]} 23. a3 {[%clk 00:18:56]} {[%emt 00:03:48]} Na6 {[%clk
00:24:18]} {[%emt 00:01:41]} 24. Bd6 {[%clk 00:13:36]} {[%emt 00:05:50]} Bxd6
{[%clk 00:23:19]} {[%emt 00:01:29]} 25. Qxd6 {[%clk 00:13:59]} {[%emt
00:00:07]} Qc7 {[%clk 00:23:38]} {[%emt 00:00:11]} 26. Qxc7 {[%clk 00:14:15]}
{[%emt 00:00:13]} Rxc7 {[%clk 00:23:51]} {[%emt 00:00:18]} 27. Na2 {[%clk
00:14:08]} {[%emt 00:00:37]} Ke7 {[%clk 00:17:55]} {[%emt 00:06:25]} 28. c3
{[%clk 00:14:04]} {[%emt 00:00:34]} Rcc8 {[%clk 00:18:18]} {[%emt 00:00:07]} 29.
Ke2 {[%clk 00:11:31]} {[%emt 00:03:03]} Rh8 {[%clk 00:18:45]} {[%emt 00:00:03]}
30. Rxh8 {[%clk 00:11:50]} {[%emt 00:00:12]} Rxh8 {[%clk 00:19:14]} {[%emt
00:00:01]} 31. Bg4 {[%clk 00:11:55]} {[%emt 00:00:24]} Kd6 {[%clk 00:13:21]}
{[%emt 00:06:24]} 32. Rg1 {[%clk 00:11:59]} {[%emt 00:00:26]} Bb7 {[%clk
00:12:27]} {[%emt 00:01:24]} 33. Kf1 {[%clk 00:11:17]} {[%emt 00:01:11]} Bc6
{[%clk 00:07:33]} {[%emt 00:05:25]} 34. Kg2 {[%clk 00:11:25]} {[%emt 00:00:21]}
Bb7 {[%clk 00:08:00]} {[%emt 00:00:03]} 35. Kg3 {[%clk 00:11:38]} {[%emt
00:00:17]} Bc6 {[%clk 00:07:53]} {[%emt 00:00:37]} 36. Nc1 {[%clk 00:10:46]}
{[%emt 00:01:22]} Nc7 {[%clk 00:07:20]} {[%emt 00:01:04]} 37. Ne2 {[%clk
00:10:38]} {[%emt 00:00:37]} Ne8 {[%clk 00:07:36]} {[%emt 00:00:13]} 38. Kf4
{[%clk 00:09:13]} {[%emt 00:01:56]} Ng7 {[%clk 00:06:24]} {[%emt 00:01:43]} 39.
Ne5 {[%clk 00:07:01]} {[%emt 00:02:41]} Nxe5 {[%clk 00:06:06]} {[%emt
00:00:48]} 40. dxe5+ {[%clk 00:07:26]} {[%emt 00:00:05]} Ke7 {[%clk 00:05:46]}
{[%emt 00:00:50]} 41. Nd4 {[%clk 00:07:45]} {[%emt 00:00:11]} Bd7 {[%clk
00:06:13]} {[%emt 00:00:04]} 42. Kg3 {[%clk 00:07:30]} {[%emt 00:00:44]} Ne8
{[%clk 00:06:38]} {[%emt 00:00:06]} 43. Bd1 {[%clk 00:06:16]} {[%emt 00:01:42]}
Nc7 {[%clk 00:06:57]} {[%emt 00:00:13]} 44. Bc2 {[%clk 00:06:21]} {[%emt
00:00:24]} Na6 {[%clk 00:07:26]} {[%emt 00:00:02]} 45. Kg2 {[%clk 00:04:34]}
{[%emt 00:02:17]} Nc5 {[%clk 00:05:36]} {[%emt 00:02:20]} 46. Rd1 {[%clk
00:03:53]} {[%emt 00:01:09]} Be8 {[%clk 00:05:35]} {[%emt 00:00:32]} 47. f3
{[%clk 00:03:33]} {[%emt 00:00:50]} Rh5 {[%clk 00:05:47]} {[%emt 00:00:17]} 48.
f4 {[%clk 00:03:57]} {[%emt 00:00:07]} Bd7 {[%clk 00:04:32]} {[%emt 00:01:45]}
49. Kg3 {[%clk 00:04:04]} {[%emt 00:00:23]}  1/2-1/2

[Event "56th Hull Congress"]
[Site "Hull"]
[Date "2019.11.03"]
[Round "4"]
[Board "5"]
[White "Britton, Richard"]
[Black "Storey, Charles H"]
[Result "1-0"]
[WhiteElo "2160"]
[BlackElo "2234"]
[PlyCount "0"]
[EventDate "2019.11.01"]
[EventRounds "5"]
[EventCountry "ENG"]

1. e4 {[%clk 01:30:57]} {[%emt 00:00:01]} c5 {[%clk 01:30:58]} {[%emt
00:00:03]} 2. Nf3 {[%clk 01:31:22]} {[%emt 00:00:05]} g6 {[%clk 01:31:26]}
{[%emt 00:00:03]} 3. d3 {[%clk 01:31:36]} {[%emt 00:00:15]} Bg7 {[%clk
01:31:52]} {[%emt 00:00:05]} 4. g3 {[%clk 01:32:02]} {[%emt 00:00:03]} Nc6
{[%clk 01:32:18]} {[%emt 00:00:05]} 5. Bg2 {[%clk 01:32:27]} {[%emt 00:00:04]}
e5 {[%clk 01:32:37]} {[%emt 00:00:11]} 6. O-O {[%clk 01:32:50]} {[%emt
00:00:07]} Nge7 {[%clk 01:33:02]} {[%emt 00:00:05]} 7. c3 {[%clk 01:32:55]}
{[%emt 00:00:25]} O-O {[%clk 01:29:34]} {[%emt 00:03:59]} 8. a3 {[%clk
01:33:10]} {[%emt 00:00:14]} a5 {[%clk 01:29:33]} {[%emt 00:00:31]} 9. a4
{[%clk 01:33:34]} {[%emt 00:00:07]} d5 {[%clk 01:29:24]} {[%emt 00:00:38]} 10.
exd5 {[%clk 01:30:24]} {[%emt 00:03:40]} Nxd5 {[%clk 01:27:45]} {[%emt
00:02:09]} 11. Na3 {[%clk 01:30:06]} {[%emt 00:00:48]} Bf5 {[%clk 01:26:43]}
{[%emt 00:01:32]} 12. Re1 {[%clk 01:30:23]} {[%emt 00:00:12]} Qd7 {[%clk
01:17:38]} {[%emt 00:09:36]} 13. Nc4 {[%clk 01:18:15]} {[%emt 00:12:38]} Rae8
{[%clk 01:14:05]} {[%emt 00:04:03]} 14. Ng5 {[%clk 01:16:27]} {[%emt 00:02:18]}
Rd8 {[%clk 01:12:23]} {[%emt 00:02:12]} 15. Ne4 {[%clk 01:12:41]} {[%emt
00:04:16]} Qe7 {[%clk 00:54:58]} {[%emt 00:17:55]} 16. Qb3 {[%clk 01:11:17]}
{[%emt 00:01:53]} Nf6 {[%clk 00:52:28]} {[%emt 00:03:01]} 17. Bg5 {[%clk
01:07:32]} {[%emt 00:04:15]} Rxd3 {[%clk 00:48:55]} {[%emt 00:04:04]} 18. Nxf6+
{[%clk 01:06:44]} {[%emt 00:01:17]} Bxf6 {[%clk 00:49:13]} {[%emt 00:00:13]} 19.
Bxf6 {[%clk 01:07:07]} {[%emt 00:00:06]} Qxf6 {[%clk 00:49:41]} {[%emt
00:00:02]} 20. Qxb7 {[%clk 01:07:27]} {[%emt 00:00:10]} e4 {[%clk 00:39:18]}
{[%emt 00:10:54]} 21. Bxe4 {[%clk 01:05:56]} {[%emt 00:02:00]} Bxe4 {[%clk
00:39:40]} {[%emt 00:00:09]} 22. Rxe4 {[%clk 01:06:19]} {[%emt 00:00:06]} Rf3
{[%clk 00:40:01]} {[%emt 00:00:09]} 23. Rf1 {[%clk 01:05:32]} {[%emt 00:01:16]}
Rd8 {[%clk 00:39:34]} {[%emt 00:00:58]} 24. Qb6 {[%clk 01:03:19]} {[%emt
00:02:43]} Rd5 {[%clk 00:34:58]} {[%emt 00:05:06]} 25. Nxa5 {[%clk 01:00:48]}
{[%emt 00:03:01]} Nxa5 {[%clk 00:34:58]} {[%emt 00:00:31]} 26. Qxa5 {[%clk
01:01:12]} {[%emt 00:00:06]} Kg7 {[%clk 00:34:27]} {[%emt 00:01:01]} 27. Qc7
{[%clk 00:49:13]} {[%emt 00:12:28]} Rdf5 {[%clk 00:33:08]} {[%emt 00:01:49]} 28.
Qe7 {[%clk 00:44:49]} {[%emt 00:04:54]} Qb6 {[%clk 00:32:19]} {[%emt 00:01:19]}
29. Re2 {[%clk 00:42:15]} {[%emt 00:03:03]} h5 {[%clk 00:32:29]} {[%emt
00:00:21]} 30. Rd2 {[%clk 00:41:35]} {[%emt 00:01:10]} Kh6 {[%clk 00:26:40]}
{[%emt 00:06:19]} 31. Qf8+ {[%clk 00:30:38]} {[%emt 00:11:27]} Kh7 {[%clk
00:25:42]} {[%emt 00:01:28]} 32. Rd8 {[%clk 00:26:23]} {[%emt 00:04:45]} Qf6
{[%clk 00:25:54]} {[%emt 00:00:17]} 33. Qg8+ {[%clk 00:26:48]} {[%emt
00:00:05]} Kh6 {[%clk 00:26:21]} {[%emt 00:00:04]} 34. Qh8+ {[%clk 00:27:10]}
{[%emt 00:00:08]} Qxh8 {[%clk 00:26:36]} {[%emt 00:00:15]} 35. Rxh8+ {[%clk
00:27:34]} {[%emt 00:00:05]} Kg5 {[%clk 00:27:02]} {[%emt 00:00:04]} 36. Rc8
{[%clk 00:27:55]} {[%emt 00:00:09]} Rd3 {[%clk 00:26:51]} {[%emt 00:00:41]} 37.
a5 {[%clk 00:23:29]} {[%emt 00:04:57]} c4 {[%clk 00:26:12]} {[%emt 00:01:09]}
38. h4+ {[%clk 00:21:30]} {[%emt 00:02:29]} Kh6 {[%clk 00:24:55]} {[%emt
00:01:46]} 39. a6 {[%clk 00:21:14]} {[%emt 00:00:48]} Ra5 {[%clk 00:25:15]}
{[%emt 00:00:09]} 40. Rc6 {[%clk 00:20:56]} {[%emt 00:00:48]} Rd2 {[%clk
00:25:31]} {[%emt 00:00:15]} 41. Rb1 {[%clk 00:19:12]} {[%emt 00:02:13]} Ra4
{[%clk 00:25:06]} {[%emt 00:00:55]} 42. a7 {[%clk 00:19:20]} {[%emt 00:00:22]}
Rxa7 {[%clk 00:25:09]} {[%emt 00:00:28]} 43. Rxc4 {[%clk 00:19:45]} {[%emt
00:00:04]} Ra2 {[%clk 00:25:31]} {[%emt 00:00:08]} 44. Rf4 {[%clk 00:18:58]}
{[%emt 00:01:16]} Kg7 {[%clk 00:25:48]} {[%emt 00:00:14]} 45. Re1 {[%clk
00:19:02]} {[%emt 00:00:26]} Ra7 {[%clk 00:25:56]} {[%emt 00:00:22]} 46. b4
{[%clk 00:19:13]} {[%emt 00:00:19]} Rb2 {[%clk 00:26:09]} {[%emt 00:00:17]} 47.
Re5 {[%clk 00:18:55]} {[%emt 00:00:48]} Rc7 {[%clk 00:24:11]} {[%emt 00:02:27]}
48. Rf3 {[%clk 00:17:41]} {[%emt 00:01:45]} Rb3 {[%clk 00:24:07]} {[%emt
00:00:35]} 49. Ree3 {[%clk 00:18:05]} {[%emt 00:00:05]} Ra7 {[%clk 00:22:48]}
{[%emt 00:01:50]} 50. Rd3 {[%clk 00:18:03]} {[%emt 00:00:31]} Rc7 {[%clk
00:23:07]} {[%emt 00:00:11]} 51. Kf1 {[%clk 00:18:27]} {[%emt 00:00:05]} Rb2
{[%clk 00:23:28]} {[%emt 00:00:09]} 52. Ke1 {[%clk 00:18:23]} {[%emt 00:00:34]}
Re7+ {[%clk 00:23:26]} {[%emt 00:00:33]} 53. Rfe3 {[%clk 00:18:46]} {[%emt
00:00:06]} Ra7 {[%clk 00:23:53]} {[%emt 00:00:04]} 54. Rd2 {[%clk 00:19:03]}
{[%emt 00:00:13]} Rb1+ {[%clk 00:23:43]} {[%emt 00:00:41]} 55. Ke2 {[%clk
00:19:26]} {[%emt 00:00:05]} Ra3 {[%clk 00:23:33]} {[%emt 00:00:40]} 56. Rf3
{[%clk 00:19:02]} {[%emt 00:00:55]} Ra7 {[%clk 00:23:57]} {[%emt 00:00:06]} 57.
Rd4 {[%clk 00:18:28]} {[%emt 00:01:04]} Rb3 {[%clk 00:23:56]} {[%emt 00:00:31]}
58. Kd3 {[%clk 00:18:29]} {[%emt 00:00:26]} Rb1 {[%clk 00:22:21]} {[%emt
00:02:08]} 59. Kc4 {[%clk 00:18:01]} {[%emt 00:00:58]} Re1 {[%clk 00:21:26]}
{[%emt 00:01:25]} 60. b5 {[%clk 00:16:59]} {[%emt 00:01:33]} Rc7+ {[%clk
00:18:52]} {[%emt 00:03:03]} 61. Kd5 {[%clk 00:15:57]} {[%emt 00:01:32]} Re8
{[%clk 00:16:05]} {[%emt 00:03:17]} 62. b6 {[%clk 00:13:08]} {[%emt 00:03:19]}
Rd8+ {[%clk 00:15:30]} {[%emt 00:01:05]} 63. Ke4 {[%clk 00:13:31]} {[%emt
00:00:06]} Re8+ {[%clk 00:13:47]} {[%emt 00:02:14]} 64. Kd3 {[%clk 00:13:52]}
{[%emt 00:00:09]} Rb7 {[%clk 00:13:46]} {[%emt 00:00:31]} 65. Rd6 {[%clk
00:14:12]} {[%emt 00:00:10]} Re1 {[%clk 00:14:09]} {[%emt 00:00:07]} 66. Kc4
{[%clk 00:14:25]} {[%emt 00:00:17]} Re5 {[%clk 00:11:18]} {[%emt 00:03:21]} 67.
Kb4 {[%clk 00:13:41]} {[%emt 00:01:14]} Re1 {[%clk 00:10:25]} {[%emt 00:01:23]}
68. c4 {[%clk 00:14:03]} {[%emt 00:00:08]} Rb1+ {[%clk 00:10:44]} {[%emt
00:00:10]} 69. Kc5 {[%clk 00:14:27]} {[%emt 00:00:06]} Rb8 {[%clk 00:10:50]}
{[%emt 00:00:25]} 70. Rc6 {[%clk 00:14:42]} {[%emt 00:00:15]} Rb2 {[%clk
00:09:55]} {[%emt 00:01:25]} 71. Rc7 {[%clk 00:10:17]} {[%emt 00:04:55]} R8xb6
{[%clk 00:08:31]} {[%emt 00:01:53]} 72. Rcxf7+ {[%clk 00:09:10]} {[%emt
00:01:37]} Kh6 {[%clk 00:08:54]} {[%emt 00:00:08]} 73. Rc7 {[%clk 00:09:31]}
{[%emt 00:00:09]} Rb8 {[%clk 00:08:47]} {[%emt 00:00:37]} 74. Rff7 {[%clk
00:09:43]} {[%emt 00:00:17]} Rh8 {[%clk 00:09:14]} {[%emt 00:00:03]} 75. Kc6
{[%clk 00:09:53]} {[%emt 00:00:20]} Re2 {[%clk 00:08:57]} {[%emt 00:00:48]} 76.
c5 {[%clk 00:10:04]} {[%emt 00:00:19]} Rd2 {[%clk 00:09:10]} {[%emt 00:00:17]}
77. Rce7 {[%clk 00:06:43]} {[%emt 00:03:51]} Rc2 {[%clk 00:08:55]} {[%emt
00:00:45]} 78. Kd6 {[%clk 00:06:55]} {[%emt 00:00:18]} Rd2+ {[%clk 00:07:29]}
{[%emt 00:01:56]} 79. Kc7 {[%clk 00:07:18]} {[%emt 00:00:07]} Ra2 {[%clk
00:07:36]} {[%emt 00:00:23]} 80. c6 {[%clk 00:07:20]} {[%emt 00:00:27]} Rb2
{[%clk 00:07:30]} {[%emt 00:00:37]} 81. Rd7 {[%clk 00:07:39]} {[%emt 00:00:11]}
Ra2 {[%clk 00:07:31]} {[%emt 00:00:28]} 82. Kd6 {[%clk 00:07:51]} {[%emt
00:00:18]} Rd2+ {[%clk 00:07:52]} {[%emt 00:00:09]} 83. Kc7 {[%clk 00:06:46]}
{[%emt 00:01:36]} Ra2 {[%clk 00:08:16]} {[%emt 00:00:06]} 84. Rde7 {[%clk
00:06:47]} {[%emt 00:00:28]} Rd2 {[%clk 00:07:25]} {[%emt 00:01:21]} 85. Kb6
{[%clk 00:06:53]} {[%emt 00:00:25]} Rb2+ {[%clk 00:07:16]} {[%emt 00:00:39]} 86.
Kc5 {[%clk 00:07:14]} {[%emt 00:00:08]} Rc2+ {[%clk 00:07:41]} {[%emt
00:00:06]} 87. Kd5 {[%clk 00:07:35]} {[%emt 00:00:08]} Rd2+ {[%clk 00:08:02]}
{[%emt 00:00:09]} 88. Ke4 {[%clk 00:07:42]} {[%emt 00:00:24]} Rc2 {[%clk
00:07:02]} {[%emt 00:01:30]} 89. c7 {[%clk 00:08:06]} {[%emt 00:00:06]} Rc1
{[%clk 00:06:58]} {[%emt 00:00:33]} 90. Rd7 {[%clk 00:08:10]} {[%emt 00:00:27]}
Re1+ {[%clk 00:07:01]} {[%emt 00:00:27]} 91. Kd3 {[%clk 00:07:33]} {[%emt
00:01:07]} Ra1 {[%clk 00:07:13]} {[%emt 00:00:17]} 92. Kc2 {[%clk 00:07:28]}
{[%emt 00:00:35]} Ra7 {[%clk 00:07:04]} {[%emt 00:00:40]} 93. Kd2 {[%clk
00:07:16]} {[%emt 00:00:42]} Ra6 {[%clk 00:06:55]} {[%emt 00:00:39]} 94. c8=Q
{[%clk 00:05:49]} {[%emt 00:01:57]} Rd6+ {[%clk 00:06:22]} {[%emt 00:01:03]} 95.
Ke2 {[%clk 00:06:00]} {[%emt 00:00:19]} Re6+ {[%clk 00:05:57]} {[%emt
00:00:56]} 96. Kf1 {[%clk 00:06:23]} {[%emt 00:00:05]}  1-0